<?xml version="1.0" encoding="UTF-8"?>
<record
    xmlns:xsi="http://www.w3.org/2001/XMLSchema-instance"
    xsi:schemaLocation="http://www.loc.gov/MARC21/slim http://www.loc.gov/standards/marcxml/schema/MARC21slim.xsd"
    xmlns="http://www.loc.gov/MARC21/slim">

  <leader>03623cam a22003734a 4500</leader>
  <controlfield tag="001">15893306</controlfield>
  <controlfield tag="005">20100507103859.0</controlfield>
  <controlfield tag="008">090903s2010    nyu    | b    001 0 eng d</controlfield>
  <datafield tag="010" ind1=" " ind2=" ">
    <subfield code="a">2009036861</subfield>
  </datafield>
  <datafield tag="020" ind1=" " ind2=" ">
    <subfield code="a">9780521766807 (hbk.)</subfield>
  </datafield>
  <datafield tag="020" ind1=" " ind2=" ">
    <subfield code="a">052176680X (hbk.)</subfield>
  </datafield>
  <datafield tag="020" ind1=" " ind2=" ">
    <subfield code="a">9780521167703 (pbk.)</subfield>
  </datafield>
  <datafield tag="020" ind1=" " ind2=" ">
    <subfield code="a">0521167701 (pbk.)</subfield>
  </datafield>
  <datafield tag="035" ind1=" " ind2=" ">
    <subfield code="a">(OCoLC)ocn435967614</subfield>
  </datafield>
  <datafield tag="040" ind1=" " ind2=" ">
    <subfield code="a">DLC</subfield>
    <subfield code="c">DLC</subfield>
    <subfield code="d">YDX</subfield>
    <subfield code="d">OCLCA</subfield>
    <subfield code="d">YDXCP</subfield>
    <subfield code="d">CDX</subfield>
    <subfield code="d">BWK</subfield>
    <subfield code="d">DLC</subfield>
  </datafield>
  <datafield tag="043" ind1=" " ind2=" ">
    <subfield code="a">n-us---</subfield>
  </datafield>
  <datafield tag="050" ind1="0" ind2="0">
    <subfield code="a">KF4581</subfield>
    <subfield code="b">.S33 2010</subfield>
  </datafield>
  <datafield tag="082" ind1="0" ind2="0">
    <subfield code="a">342.730412</subfield>
    <subfield code="2">22</subfield>
    <subfield code="b">SCH</subfield>
  </datafield>
  <datafield tag="100" ind1="1" ind2=" ">
    <subfield code="a">Scharf, Michael P.,</subfield>
    <subfield code="d">1963-</subfield>
    <subfield code="9">15568</subfield>
  </datafield>
  <datafield tag="245" ind1="1" ind2="0">
    <subfield code="a">Shaping Foreign Policy in Times of Crisis :</subfield>
    <subfield code="b">The Role of International Law and the State Department Legal Adviser /</subfield>
    <subfield code="c">Michael  P. Scharf, Paul R. Williams.</subfield>
  </datafield>
  <datafield tag="260" ind1=" " ind2=" ">
    <subfield code="a">Cambridge :</subfield>
    <subfield code="b">Cambridge University Press,</subfield>
    <subfield code="c">2010.</subfield>
  </datafield>
  <datafield tag="300" ind1=" " ind2=" ">
    <subfield code="a">xxiv, 305 p. ;</subfield>
    <subfield code="c">24 cm.</subfield>
  </datafield>
  <datafield tag="504" ind1=" " ind2=" ">
    <subfield code="a">Includes bibliographical references (p. 285-290) and index.</subfield>
  </datafield>
  <datafield tag="505" ind1="0" ind2=" ">
    <subfield code="a">The compliance debate -- A brief history of L -- The path to L -- The Carter administration : Herbert J. Hansell (1977-1979) -- The Carter administration : Roberts B. Owen (1979-1981) -- The Reagan administration : Davis R. Robinson (1981-1985) -- The Reagan administration and Bush administration : Abraham D. Sofaer (1985-1990) -- The Bush (41st) administration : Edwin D. Williamson (1990-1993) -- The Bush (42nd) administration : Michael J. Matheson -- The Clinton administration : Conrad K. Harper (1993-1996) -- The Clinton administration : David R. Andrews (1997-2000) -- The Bush (43rd) administration : William H. Taft IV (2001-2005) -- The Bush (44th) administration : John B. Bellinger III (2005-2009) -- Department of State legal adviser's roundtable --Foreign legal advisers' roundtable -- Lawyering the treatment of detainees in the war on terrorism -- Conclusion.</subfield>
  </datafield>
  <datafield tag="520" ind1=" " ind2=" ">
    <subfield code="a">"All ten of the living former U.S. State Department legal advisers from the Carter administration to that of George W. Bush examine the role international law played during the major crises on their watch"--Provided by publisher.</subfield>
  </datafield>
  <datafield tag="520" ind1=" " ind2=" ">
    <subfield code="a">"Shaping Foreign Policy in Times of Crisis grew out of a series of meetings that the authors convened with all ten of the living former U.S. State Department legal advisers (from the Carter administration to that of George W. Bush). Based on their insider accounts of the role that international law actually played during the major crises on their watch, the book explores whether international law is real law or just a form of politics that policymakers are free to ignore whenever they perceive it to be in their interest to do so. Written in a style that will appeal to the casual reader and serious scholar alike, the book includes a foreword by the Obama administration's State Department legal adviser, Harold Koh; background on the theoretical underpinnings of the compliance debate; an in-depth case study of the treatment of detainees in the war on terror; and a comprehensive glossary of the terms, names, places, and events that are discussed in the book"--Provided by publisher.</subfield>
  </datafield>
  <datafield tag="541" ind1=" " ind2=" ">
    <subfield code="a">Bacca ;</subfield>
  </datafield>
  <datafield tag="650" ind1=" " ind2="0">
    <subfield code="a">International law</subfield>
    <subfield code="z">United States.</subfield>
    <subfield code="9">15569</subfield>
  </datafield>
  <datafield tag="651" ind1=" " ind2="0">
    <subfield code="a">United States</subfield>
    <subfield code="x">Foreign relations</subfield>
    <subfield code="x">Law and legislation.</subfield>
    <subfield code="9">15570</subfield>
  </datafield>
  <datafield tag="700" ind1="1" ind2=" ">
    <subfield code="a">Williams, Paul R.,</subfield>
    <subfield code="d">1965-</subfield>
    <subfield code="9">15571</subfield>
  </datafield>
  <datafield tag="942" ind1=" " ind2=" ">
    <subfield code="2">ddc</subfield>
    <subfield code="c">BB</subfield>
  </datafield>
  <datafield tag="999" ind1=" " ind2=" ">
    <subfield code="c">14310</subfield>
    <subfield code="d">14310</subfield>
  </datafield>
  <datafield tag="952" ind1=" " ind2=" ">
    <subfield code="0">0</subfield>
    <subfield code="1">0</subfield>
    <subfield code="2">ddc</subfield>
    <subfield code="4">0</subfield>
    <subfield code="7">0</subfield>
    <subfield code="8">Baccah</subfield>
    <subfield code="a">MAIN</subfield>
    <subfield code="b">MAIN</subfield>
    <subfield code="c">1ST</subfield>
    <subfield code="d">2010-07-01</subfield>
    <subfield code="e">purchase</subfield>
    <subfield code="g">135.00</subfield>
    <subfield code="h">10485</subfield>
    <subfield code="l">4</subfield>
    <subfield code="m">20</subfield>
    <subfield code="o">342.730412 SCH</subfield>
    <subfield code="p">000021121</subfield>
    <subfield code="r">2025-07-15 00:00:00</subfield>
    <subfield code="s">2018-11-14</subfield>
    <subfield code="y">BB</subfield>
  </datafield>
</record>
